000 00426nam a2200133Ia 4500
008 151001s9999||||xx |||||||||||||| ||und||
100 _aविष्णू नारायण भातखंडे
245 _aहिंदुस्थानी संगीत पध्दती
250 _a5
260 _bमालीनिबाई सुकथनकर
260 _c1941
300 _a478
365 _b21
999 _c976518
_d976515